Stonehenge - Ylvis - Lyrics - Statistics

General Stats
  • This quiz has been taken 3 times
  • The average score is 297 of 375
Answer Stats
Answer % Correct
-
100%
)
100%
a
100%
A
100%
about
100%
About
100%
And
100%
and
100%
(And)
100%
be
100%
henge
100%
her
100%
How
100%
I
100%
I'm
100%
in
100%
is
100%
it
100%
It's
100%
it's
100%
me
100%
me,
100%
My
100%
my
100%
no
100%
of
100%
on
100%
Or
100%
or
100%
She
100%
she
100%
so
100%
stone,
100%
stone!
100%
Stone
100%
Stonehenge?
100%
Stonehenge
100%
Stonehenge!
100%
(Stonehenge!)
100%
Stonehenge?)
100%
Stonehenge,
100%
the
100%
The
100%
the...
100%
Then
100%
to
100%
was
100%
We
100%
we're
100%
were
100%
When
100%
when
100%
with
100%
Yeah,
100%
You
100%
you
100%
your
100%
1000
67%
46
67%
(46
67%
5000
67%
again?
67%
ago.
67%
all
67%
All
67%
all!
67%
alone
67%
amazingly
67%
anything
67%
applauds
67%
Are
67%
balls
67%
bed,
67%
biggest
67%
bought
67%
build
67%
built
67%
but
67%
(But?)
67%
But
67%
Calamari
67%
can
67%
can't
67%
car?
67%
car
67%
car,
67%
Civic,
67%
Civic.
67%
Civic!
67%
Completely
67%
could
67%
course
67%
deal
67%
deal,
67%
deal)
67%
did
67%
do
67%
dollar
67%
dream
67%
drive?
67%
Drive
67%
drive
67%
easy
67%
escape?
67%
even
67%
ever
67%
everything
67%
far
67%
from
67%
fuck
67%
(fuck
67%
fucking
67%
get
67%
giant
67%
give
67%
gives
67%
God,
67%
gone
67%
got
67%
Got
67%
greatest
67%
haircut
67%
happy,
67%
have
67%
head.
67%
high
67%
hint
67%
instead
67%
I've
67%
just
67%
kidding
67%
kids
67%
killing
67%
king!
67%
kitchen
67%
know
67%
knows
67%
labyrinth,
67%
left
67%
let's
67%
life
67%
local
67%
Lots
67%
made
67%
make
67%
man
67%
meaning
67%
miles
67%
mind
67%
need.
67%
Never
67%
(Oh,
67%
one
67%
out
67%
plays
67%
prison
67%
prosciutto
67%
purpose
67%
question
67%
raise
67%
row!
67%
said:
67%
seen
67%
should
67%
smile
67%
stones
67%
store
67%
successfull
67%
talk
67%
talkshow
67%
technology
67%
tell
67%
that
67%
them
67%
There's
67%
they
67%
They
67%
think
67%
this
67%
tiny
67%
today?
67%
too
67%
trust!
67%
TV.
67%
Two
67%
two!"
67%
Wales!)
67%
what
67%
What
67%
What's
67%
what's
67%
(Who
67%
Who
67%
Why
67%
wife
67%
without
67%
wondering
67%
would
67%
Would
67%
years
67%
25
33%
Age-guys
33%
builds
33%
down
33%
dragged
33%
"Dude,
33%
each
33%
friend
33%
given
33%
granite
33%
jalapeños
33%
(Mmm)
33%
moved
33%
rolled
33%
sand
33%
tons
33%
brithdaycake
0%
Heeey
0%
Waleeees!
0%
No matching quizzes found
Score Distribution
Percent of People with Each Score
Percentile by Number Answered
Your Score History
You have not taken this quiz